Оптимизация параметров и конфигураций тепловых сетей; Известия Томского политехнического университета [Известия ТПУ]; Т. 319, № 4 : Энергетика

Bibliografske podrobnosti
Parent link:Известия Томского политехнического университета [Известия ТПУ]/ Томский политехнический университет (ТПУ).— , 2000-
Т. 319, № 4 : Энергетика.— 2011.— [С. 61-63]
Glavni avtor: Колосов М. В.
Drugi avtorji: Михайленко С. А.
Izvleček:Заглавие с титульного листа
Электронная версия печатной публикации
Приводится статистический материал и анализ по одному из главных энергетических ресурсов - тепловой энергии. Предложена математическая модель оптимизации параметров тепловой сети по энергетическому эффекту, предложен критерий оценки максимальной энергоэффективности.
Jezik:ruščina
Izdano: 2011
Serija:Энергетика
Teme:
Online dostop:http://www.lib.tpu.ru/fulltext/v/Bulletin_TPU/2011/v319/i4/13.pdf
Format: MixedMaterials Elektronski Book Chapter
KOHA link:https://koha.lib.tpu.ru/cgi-bin/koha/opac-detail.pl?biblionumber=205948

MARC

LEADER 00000nla2a2200000 4500
001 205948
005 20231031190555.0
035 |a (RuTPU)RU\TPU\book\224488 
035 |a RU\TPU\book\224450 
090 |a 205948 
100 |a 20111221d2011 k y0rusy50 ca 
101 0 |a rus 
102 |a RU 
135 |a drnn ---uucaa 
181 0 |a i  
182 0 |a b 
200 1 |a Оптимизация параметров и конфигураций тепловых сетей  |b Электронный ресурс  |f М. В. Колосов, С. А. Михайленко 
203 |a Текст  |c электронный 
215 |a 1 файл (324 Кб) 
225 1 |a Энергетика 
230 |a Электронные текстовые данные (1 файл : 324 Кб) 
300 |a Заглавие с титульного листа 
300 |a Электронная версия печатной публикации 
320 |a [Библиогр.: с. 63 (6 назв.)] 
330 |a Приводится статистический материал и анализ по одному из главных энергетических ресурсов - тепловой энергии. Предложена математическая модель оптимизации параметров тепловой сети по энергетическому эффекту, предложен критерий оценки максимальной энергоэффективности. 
337 |a Adobe Reader 
461 1 |0 (RuTPU)RU\TPU\book\176237  |t Известия Томского политехнического университета [Известия ТПУ]  |f Томский политехнический университет (ТПУ)  |d 2000- 
463 1 |0 (RuTPU)RU\TPU\book\224153  |x 1684-8519  |t Т. 319, № 4 : Энергетика  |v [С. 61-63]  |d 2011  |p 190 с. 
610 1 |a тепловые сети 
610 1 |a оптимизация 
610 1 |a энергоэффективность 
610 1 |a конфигурации 
610 1 |a тепловая энергия 
610 1 |a математические модели 
610 1 |a электронный ресурс 
700 1 |a Колосов  |b М. В. 
701 1 |a Михайленко  |b С. А. 
801 1 |a RU  |b 63413507  |c 20090623  |g PSBO 
801 2 |a RU  |b 63413507  |c 20211229  |g PSBO 
856 4 |u http://www.lib.tpu.ru/fulltext/v/Bulletin_TPU/2011/v319/i4/13.pdf 
942 |c CF